| 000 | 00000nam##2200000za#4500 |
| 001 | 9.640536 |
| 003 | CaOODSP |
| 005 | 20240209132626 |
| 007 | cr ||||||||||| |
| 008 | 150407|2005||||xxc|||||o f|0| 0 fre|d |
| 040 | |aCaOODSP|bfre |
| 043 | |an-cn--- |
| 086 | 1 |aIu89-4/8-2005F-PDF |
| 110 | 2 |aAgence de promotion économique du Canada atlantique. |
| 245 | 10|aAPECA en direct : |h[ressource électronique]|bil suffit de cliquer pour accéder à votre compte |
| 260 | |aMoncton - Nouveau-Brunswick : |bAgence de promotion économique du Canada atlantique |c[2005]. |
| 300 | |a1p. |
| 500 | |aLe n° de catalogue (Iu89-4/8-2005) et l'ISBN (0-662-68759-0) de l'édition imprimée bilingue ont été incorrectement copiés dans la version PDF. |
| 590 | |a12-32-Supp|b2012-07-11 |
| 691 | 07|aGouvernement en direct|2gcpds |
| 775 | 08|tACOA Direct : |w(CaOODSP)9.696421 |
| 776 | 0#|tACOA Direct : |w(CaOODSP)9.666187 |
| 776 | 0#|tAPECA en direct : |w(CaOODSP)9.666188 |
| 856 | 40|ahttp://publications.gc.ca|qPDF|s230 Ko|uhttps://publications.gc.ca/collections/collection_2012/apeca-acoa/Iu89-4-8-2005-fra.pdf |
| 986 | |aAPECA : 2005-03 |